Environment Agency outlines flood investment plans (Record no. 82102)
[ view plain ]
| 000 -LEADER | |
|---|---|
| fixed length control field | 01055cad a22002175a 4500 |
| 001 - CONTROL NUMBER | |
| control field | L149264 |
| 008 - FIXED-LENGTH DATA ELEMENTS--GENERAL INFORMATION | |
| fixed length control field | 100212e20100211xxk 000 0 eng d |
| 035 ## - SYSTEM CONTROL NUMBER | |
| System control number | (Sirsi) u149264 |
| 041 0# - LANGUAGE CODE | |
| Language code of text/sound track or separate title | eng |
| 110 2# - MAIN ENTRY--CORPORATE NAME | |
| Corporate name or jurisdiction name as entry element | England and Wales |
| Subordinate unit | Environment Agency |
| 9 (RLIN) | 2469 |
| 245 00 - TITLE STATEMENT | |
| Title | Environment Agency outlines flood investment plans |
| Medium | [electronic resource] |
| 260 ## - PUBLICATION, DISTRIBUTION, ETC. | |
| Date of publication, distribution, etc. | 2010 |
| 490 ## - SERIES STATEMENT | |
| Series statement | Environment Agency Press Release |
| Volume/sequential designation | 11 February 2010 |
| 520 ## - SUMMARY, ETC. | |
| Summary, etc. | Flood prevention investment plans include funds to build new and maintain existing river and coastal defence schemes, develop flood forecasting technologies and heighten public awareness of flood risk. Lists planned schemes by region for the period up to March 2011. |
| 590 ## - LOCAL NOTE (RLIN) | |
| Local note | KA NTK |
| 651 #4 - SUBJECT ADDED ENTRY--GEOGRAPHIC NAME | |
| Geographic name | ENGLAND AND WALES |
| 690 ## - LOCAL SUBJECT ADDED ENTRY--TOPICAL TERM (OCLC, RLIN) | |
| Topical term or geographic name as entry element | Planning and development |
| 9 (RLIN) | 6259 |
| 690 ## - LOCAL SUBJECT ADDED ENTRY--TOPICAL TERM (OCLC, RLIN) | |
| Topical term or geographic name as entry element | ENVIRONMENTAL AND LAND CONSULTANCY-WATER RESOURCE MANAGEMENT-FLOODING |
| 856 48 - ELECTRONIC LOCATION AND ACCESS | |
| Uniform Resource Identifier | <a href="https://www.environment-agency.gov.uk/news/115857.aspx">https://www.environment-agency.gov.uk/news/115857.aspx</a> |
| Public note | View this online document free of charge at www.environment-agency.gov.uk |
| 942 ## - ADDED ENTRY ELEMENTS (KOHA) | |
| Suppress in OPAC | 0 |
| Withdrawn status | Lost status | Source of classification or shelving scheme | Damaged status | Not for loan | Home library | Current library | Shelving location | Date acquired | Total Checkouts | Full call number | Barcode | Date last seen | Copy number | Price effective from | Koha item type |
|---|---|---|---|---|---|---|---|---|---|---|---|---|---|---|---|
| Dewey Decimal Classification | Virtual | Virtual | Online | 12/02/2010 | ONLINE PUBLICATION | 149264-2001 | 06/08/2019 | 1 | 06/08/2019 | Journal article |